| 000 | 00420nam a2200169 a 4500 | ||
|---|---|---|---|
| 001 | 0558 | ||
| 005 | 20140414132029.0 | ||
| 008 | 040201s19uu xx 00 eng d | ||
| 020 | _a0-689-71142-5 | ||
| 050 |
_aTR _bW62 1986 |
||
| 100 | _aKraus, Robert | ||
| 245 |
_aWhose mouse are you? / _cRobert Kraus. |
||
| 260 |
_aU.S.A : _bSimon and Schuster, _c1986. |
||
| 300 | _ap. ; cm. | ||
| 500 | _aTR/PS | ||
| 999 |
_c113589 _d113589 |
||